Konstantin Romanovič Simon. 1887-1966

Podrobná bibliografia
Hlavný autor: Čelková, Ľudmila, 1944- (Autor)
Médium: Článok
Jazyk:slovenčina
Fyzický popis:Obr. 1.
Predmet:

MARC

LEADER 00000nab a2200000 a 4500
001 vtls000363427
003 SK-MaSNL
005 20260303134148.0
008 230217c1989 xo 0 slo
015 |a SNBRB19rr/mm-uuuuu 
035 |a CL0363549 
035 |a urn:nbn:sk:snk-abbjrr 
035 |a (urnnbn)urn:nbn:sk:snk:ar-000ku1 
035 |a (uuid)c9bbeee4-7981-49dc-8b95-ec4fcf3e3004 
040 |a SNKBUCL  |b slo  |c SNKBUCL  |e AACR2 
041 0 |a slo 
044 |a xo  |c SK 
080 |a 01(47)-051  |2 1981 
080 |a 930.1-051  |2 1981 
080 |a 929 Simon, Konstantin Romanovič  |2 1981 
100 1 |a Čelková, Ľudmila,  |d 1944-  |4 aut  |9 97615 
245 1 0 |a Konstantin Romanovič Simon. 1887-1966  |c Ľudmila Čelková ; Konstantin Romanovič Simon 
300 |b Obr. 1. 
600 1 7 |a Simon, Konstantin Romanovič,  |d 1887-1966  |2 snkbucl  |9 1153869 
655 7 |a profily  |2 snkbucl  |9 341977 
655 7 |a články z novín a časopisov  |2 snkbucl  |9 267496 
773 0 |t Čitateľ  |g Roč. 38, č. 11 (1989), s. 412-413 
850 |a Slovenská národná knižnica v Martine  |a MTA001 
852 |a SNK  |b KIS3GCP 
954 |a odborná, vedecká literatúra pôvodná (slovenská)  |2 lita 
958 |a OND 
958 |a BX 
958 |a RK 
958 |a KL 
958 |a EUIPO 
958 |a article15 
992 |a RBX 
999 |c 1960036  |d 1961966